Top 100 baby girl names Sweden 2015 - Statistics

General Stats
  • This quiz has been taken 659 times
  • The average score is 34 of 100
Answer Stats
Hint Answer % Correct
100 Anna
85%
30 Emma
83%
83 Lo
73%
33 Sofia
73%
38 Sara
72%
60 Hanna
71%
5 Ella
70%
80 Maria
68%
7 Olivia
66%
1 Elsa
65%
10 Julia
65%
2 Alice
62%
3 Maja
58%
45 Isabella
56%
37 Elin
52%
15 Klara
51%
99 Linn
50%
31 Emilia
48%
49 Amanda
46%
42 Nora
46%
18 Astrid
45%
19 Ellen
44%
43 Ida
44%
17 Alma
42%
20 Isabelle
42%
16 Linnea
42%
9 Wilma
41%
88 Amelia
40%
8 Ebba
40%
12 Freja
40%
74 Ingrid
40%
54 Matilda
40%
21 Alicia
39%
14 Alva
39%
6 Lilly
38%
87 Lovis
38%
13 Molly
38%
11 Agnes
36%
22 Stella
36%
23 Ellie
34%
58 Lovisa
34%
95 Julie
33%
29 Leah
33%
62 Leia
33%
24 Vera
33%
26 Ester
31%
52 Moa
31%
4 Saga
31%
64 Greta
30%
69 Nathalie
30%
68 Stina
30%
67 Emelie
28%
97 Hilda
28%
53 Liv
28%
92 Luna
28%
76 Tilda
28%
32 Elise
27%
28 Nellie
27%
27 Selma
27%
47 Felicia
26%
89 Filippa
26%
46 Iris
26%
78 Rut
26%
41 Tuva
26%
36 Edith
25%
86 Mira
25%
34 Nova
25%
94 Elina
24%
39 Elvira
24%
51 Lova
24%
56 Tilde
24%
72 Marta
23%
57 Thea
23%
79 Emmy
21%
91 My
20%
65 Ronja
20%
25 Signe
20%
55 Siri
20%
70 Melissa
19%
84 Tindra
19%
48 Sigrid
18%
40 Tyra
18%
35 Ines
17%
66 Jasmine
17%
59 Livia
17%
44 Juni
15%
81 Sally
15%
73 Svea
15%
77 Cornelia
14%
90 Hedvig
14%
98 Hilma
14%
50 Meja
13%
93 Bianca
11%
75 Ellinor
11%
71 Lykke
9%
61 Celine
8%
63 Majken
8%
82 Joline
6%
96 Mariam
6%
85 Novalie
6%
No matching quizzes found
Score Distribution
Percent of People with Each Score
Percentile by Number Answered
Your Score History
You have not taken this quiz